[Event "WchT Seniors 65"]
[Site "Krakow"]
[Date "2024.07.06"]
[Round "5.4"]
[White "Quinn, Peter"]
[Black "McAndrew, Robert"]
[Result "1/2-1/2"]
[WhiteElo "1744"]
[BlackElo "1926"]
[PlyCount "76"]
[EventDate "2024.07.02"]
[EventType "team-swiss"]
[EventRounds "9"]
[EventCountry "POL"]
[SourceTitle "CBM 221 Extra"]
[Source "ChessBase"]
[SourceDate "2024.09.30"]
[SourceVersion "1"]
[SourceVersionDate "2024.09.30"]
[SourceQuality "1"]
[WhiteTeam "Wales Silures 65"]
[BlackTeam "Scotland 65"]
[WhiteTeamCountry "WLS"]
[BlackTeamCountry "SCO"]

1. e4 c6 2. d4 d5 3. Nc3 dxe4 4. Nxe4 Nf6 5. Nxf6+ exf6 6. c3 Bd6 7. Bd3 0-0 8. Ne2 Re8 9. 0-0 Nd7 10. Be3 Nf8 11. Qd2 Ng6 12. Rfe1 Qc7 13. Bxg6 hxg6 14. h3 Bf5 15. f3 Re7 16. g4 Rae8 17. Bf2 Be6 18. Kg2 Bc4 19. Ng3 Bf4 20. Rxe7 Rxe7 21. Qd1 b5 22. b3 Bd5 23. Qd3 f5 24. Re1 Rxe1 25. Bxe1 fxg4 26. hxg4 Qd7 27. Ne4 f5 28. gxf5 Qxf5 29. c4 Be6 30. Kf2 bxc4 31. bxc4 Qf7 32. d5 cxd5 33. cxd5 Bxd5 34. Nc3 Bxa2 35. Qd8+ Kh7 36. Qh4+ Kg8 37. Qd8+ Kh7 38. Qh4+ Kg8 1/2-1/2

[Event "WLS-chA 68th"]
[Site "Cardiff"]
[Date "2024.03.29"]
[Round "1"]
[White "Quinn, Peter"]
[Black "Pleasants, Allan J"]
[Result "0-1"]
[WhiteElo "1774"]
[BlackElo "1999"]
[PlyCount "120"]
[EventDate "2024.03.29"]
[EventType "swiss"]
[EventRounds "7"]
[EventCountry "WLS"]
[SourceTitle "CBM 219 Extra"]
[Source "ChessBase"]
[SourceDate "2024.05.31"]
[SourceVersion "1"]
[SourceVersionDate "2024.05.31"]
[SourceQuality "1"]

1. e4 g6 2. d4 Bg7 3. Be3 d6 4. Nc3 Nc6 5. h3 Nf6 6. Qd2 a6 7. d5 Nb8 8. Bh6 0-0 9. Bxg7 Kxg7 10. Bd3 c6 11. Nf3 b5 12. a3 Bb7 13. dxc6 Nxc6 14. 0-0 e6 15. Rfe1 Rc8 16. Rad1 Qe7 17. Qe3 Rfd8 18. e5 dxe5 19. Nxe5 Nxe5 20. Qxe5 Qc5 21. Qxc5 Rxc5 22. f3 Rdc8 23. Kf2 Bd5 24. Rd2 R5c7 25. Ree2 Rb8 26. Nxd5 Nxd5 27. g3 a5 28. c3 b4 29. axb4 axb4 30. c4 Nb6 31. b3 Nd7 32. Bc2 Nc5 33. Rd6 Kf6 34. f4 Ke7 35. Red2 Rd7 36. Rxd7+ Nxd7 37. Bd1 Rb6 38. Ke3 Rd6 39. Rd4 Nc5 40. Rxd6 Kxd6 41. g4 h6 42. h4 e5 43. Bc2 Ne6 44. fxe5+ Kxe5 45. Be4 f5 46. gxf5 gxf5 47. Bf3 f4+ 48. Kd2 Kd4 49. Bg4 Nc5 50. Bd1 Nd3 51. Be2 Ne5 52. Bd1 Ng6 53. h5 Ne5 54. Be2 Ke4 55. Bf1 Nd7 56. Bd3+ Kf3 57. Bf5 Nc5 58. Bc2 Kf2 59. Bd1 f3 60. Bc2 Kg2 0-1

[Event "Cardiff Welsh op"]
[Site "Cardiff"]
[Date "2023.04.09"]
[Round "5"]
[White "Wu, Yuxuan1"]
[Black "Quinn, Peter"]
[Result "1/2-1/2"]
[WhiteElo "1577"]
[BlackElo "1684"]
[PlyCount "86"]
[EventDate "2023.04.07"]
[EventType "swiss"]
[EventRounds "7"]
[EventCountry "WLS"]
[SourceTitle "EXT 2024"]
[Source "ChessBase"]
[SourceDate "2023.10.10"]
[SourceVersion "1"]
[SourceVersionDate "2023.10.10"]
[SourceQuality "1"]

1. d4 Nf6 2. c4 g6 3. Nc3 Bg7 4. e4 d6 5. Nf3 0-0 6. Be2 Nbd7 7. 0-0 e5 8. Be3 h6 9. Ne1 Qe7 10. d5 a6 11. Nd3 Kh7 12. f3 Ng8 13. b4 f5 14. c5 Ndf6 15. a4 f4 16. Bf2 g5 17. b5 Ne8 18. Rc1 h5 19. bxa6 bxa6 20. a5 Nh6 21. Nb4 g4 22. Qe1 Bf6 23. Nc6 Qg7 24. cxd6 cxd6 25. Na4 gxf3 26. Bxf3 Bh3 27. Kh1 Bd7 28. Nb6 Bxc6 29. Rxc6 Rb8 30. Bh4 Ng4 31. Bxf6 Rxf6 32. Qh4 Rh6 33. Rc8 Rxc8 34. Nxc8 Ngf6 35. Rc1 Qb7 36. Nb6 Nc7 37. Qg5 Nb5 38. Qf5+ Kg7 39. Qc8 Qxc8 40. Nxc8 Nd7 41. Rc6 Nc5 42. Ne7 Nd4 43. Rc7 Nb5 1/2-1/2

[Event "Cardiff Welsh op"]
[Site "Cardiff"]
[Date "2023.04.08"]
[Round "4"]
[White "Quinn, Peter"]
[Black "Jakubiak, Krzysztof"]
[Result "1-0"]
[WhiteElo "1684"]
[BlackElo "1585"]
[PlyCount "63"]
[EventDate "2023.04.07"]
[EventType "swiss"]
[EventRounds "7"]
[EventCountry "WLS"]
[SourceTitle "EXT 2024"]
[Source "ChessBase"]
[SourceDate "2023.10.10"]
[SourceVersion "1"]
[SourceVersionDate "2023.10.10"]
[SourceQuality "1"]

1. e4 e5 2. Nf3 Nc6 3. Bb5 Nf6 4. 0-0 Nxe4 5. Re1 Nd6 6. Ba4 Be7 7. Nxe5 0-0 8. d4 Bf6 9. Bf4 b5 10. Bb3 Na5 11. Bd5 c6 12. Bf3 Nac4 13. b3 Nb6 14. Nd2 Nf5 15. Ne4 Nd5 16. Qd2 Nxf4 17. Qxf4 Nxd4 18. Nxf6+ Qxf6 19. Qxd4 Rd8 20. Rad1 d5 21. Nxc6 Qxd4 22. Rxd4 Rf8 23. Bxd5 Kh8 24. Ne5 Rb8 25. Nxf7+ Kg8 26. Nd6+ Kh8 27. Rf4 Bd7 28. Rxf8+ Rxf8 29. Nf7+ Kg8 30. Ne5+ Kh8 31. Nxd7 Rd8 32. Bf7 1-0

[Event "WLS-ch Major 65th"]
[Site "Cardiff"]
[Date "2019.04.20"]
[Round "3"]
[White "Quinn, Peter"]
[Black "Roberts, David Llewelyn"]
[Result "1-0"]
[WhiteElo "1784"]
[BlackElo "1999"]
[PlyCount "97"]
[EventDate "2019.04.19"]
[EventType "swiss"]
[EventRounds "7"]
[EventCountry "WLS"]
[SourceTitle "CBM 190 Extra"]
[Source "ChessBase"]
[SourceDate "2019.07.15"]
[SourceVersion "1"]
[SourceVersionDate "2019.07.15"]
[SourceQuality "1"]

1. e4 e5 2. Nf3 Nc6 3. Bc4 Nf6 4. d3 Be7 5. c3 d6 6. 0-0 0-0 7. Bb3 Kh8 8. Re1 Ng8 9. Nbd2 f5 10. exf5 Bxf5 11. Nf1 h6 12. h3 Nf6 13. Ng3 Bh7 14. Bc2 d5 15. Nxe5 Nxe5 16. Rxe5 Bd6 17. Re2 Bxg3 18. fxg3 Nh5 19. g4 Ng3 20. Re1 Qf6 21. Be3 b6 22. Bd4 Qh4 23. Qd2 h5 24. Qh6 Rf7 25. Be5 Kg8 26. Qe3 Nh1 27. Kxh1 hxg4 28. Qg3 Qh6 29. Re2 Bf5 30. d4 gxh3 31. Bxf5 hxg2+ 32. Kxg2 Rxf5 33. Rh1 Qg5 34. Qxg5 Rxg5+ 35. Kf1 c6 36. Reh2 Rf8+ 37. Ke1 Rf3 38. Rh8+ Kf7 39. Rf1 Rxf1+ 40. Kxf1 c5 41. Rh2 cxd4 42. Bxd4 Ke6 43. Rg2 Rf5+ 44. Ke2 g5 45. Kd2 Kf7 46. Rf2 Kg6 47. Rxf5 Kxf5 48. Ke3 g4 49. a4 1-0

[Event "BCF-chT4S 1819 (4NCL)"]
[Site "England"]
[Date "2019.04.13"]
[Round "7.65"]
[White "Quinn, Peter"]
[Black "Dicen, Imogen"]
[Result "0-1"]
[WhiteElo "1838"]
[BlackElo "1832"]
[PlyCount "100"]
[EventDate "2018.11.17"]
[EventType "team-swiss"]
[EventRounds "11"]
[EventCountry "ENG"]
[SourceTitle "EXT 2021"]
[Source "ChessBase"]
[SourceDate "2020.10.23"]
[SourceVersion "1"]
[SourceVersionDate "2020.10.23"]
[SourceQuality "1"]
[WhiteTeam "The Full Ponty"]
[BlackTeam "Warwicks Select II"]
[WhiteTeamCountry "WLS"]
[BlackTeamCountry "ENG"]

1. e4 c5 2. Nf3 Nc6 3. d4 cxd4 4. Nxd4 d6 5. Nc3 Nf6 6. Be2 g6 7. Be3 Bg7 8. f3 a6 9. Qd2 0-0 10. 0-0-0 Qc7 11. g4 Nxd4 12. Bxd4 Be6 13. g5 Nh5 14. Bxg7 Nxg7 15. f4 b5 16. h4 b4 17. Nd5 Bxd5 18. exd5 Qc5 19. h5 Nf5 20. Rh3 Kg7 21. Bg4 Rfd8 22. Bxf5 gxf5 23. g6 fxg6 24. hxg6 hxg6 25. Qe2 Qc7 26. Re1 Re8 27. Rg3 e5 28. dxe6 Kf6 29. Reg1 Rg8 30. Qg2 Qg7 31. Qd5 Rad8 32. Re3 Qa7 33. Rge1 Ke7 34. Qg2 d5 35. Qg5+ Ke8 36. Rh3 Qf2 37. Reh1 Rc8 38. c3 bxc3 39. bxc3 d4 40. Qf6 Qxf4+ 41. Kc2 Qe4+ 42. Kb2 Qb7+ 43. Kc2 dxc3 44. Rxc3 Qg2+ 45. Kb3 Rb8+ 46. Kc4 Qe4+ 47. Kc5 Rb5+ 48. Kd6 Qd5+ 49. Kc7 Qb7+ 50. Kd6 Rd5# 0-1